| 000 | 01936nam a2200385 c 4500 | ||
|---|---|---|---|
| 999 |
_c188372 _d188372 |
||
| 003 | BLK | ||
| 005 | 20240312111450.0 | ||
| 008 | 180411b bul|||||r ||||||| ||bul|| | ||
| 010 | _aKNG00197390000 | ||
| 040 | _aBLK | ||
| 041 |
_aBUL _cBUL |
||
| 080 |
_aАмериканска литература (на САЩ) _b821.111(73) _x(081.2) _z821.111(73)(081.2) |
||
| 080 |
_aАмериканска литература (на САЩ) _b821.111(73) _x-31 _z821.111(73)-31 |
||
| 080 |
_aАмериканска литература (на САЩ) _b821.111(73) _x-32 _z821.111(73)-32 |
||
| 100 | 1 |
_aХемингуей, Ърнест _eпърви автор _9367561 |
|
| 139 |
_aХемингуей, Ърнест _bХ 41 |
||
| 245 | 1 | 0 |
_aИзбрани творби _bВ 3 т. За том: [Роман] _cЪрнест Хемингуей; ред. кол. Мариана Неделчева; състав. и прев. на том Димитри Иванов. _nТ. 2 _pСбогом на оръжията |
| 257 | _aUSA | ||
| 260 |
_bНар. култура _c1989 |
||
| 300 | _c21 см | ||
| 380 | _aX | ||
| 500 | _aДруги ред.: Д. Иванов, Н. Попов. - Без тир. | ||
| 505 |
_g[Повест] _tЗелените хълмове на Африка |
||
| 505 |
_g[Роман] _tДа имаш и да нямаш |
||
| 700 | 1 |
_aНеделчева, Мариана _eред. кол. _9367603 |
|
| 700 | 1 |
_aИванов, Димитри _eсъстав. и прев. на том _9380841 |
|
| 760 | 1 |
_aХемингуей, Ърнест _d1989 _h607 с. _nОриг. загл. A farewell to arms ; Green hills of Africa ; To have and have not / Ernest Hemingway _tТ. 2 Сбогом на оръжията |
|
| 852 | _aЦб 158063 | ||
| 856 | 4 | _qpdf | |
| 856 | 4 | _qpdf | |
| 942 |
_cKNG _n0 _09 _s1 |
||
| 944 |
_aCR _c05.12.2016 _k30531 _lЦветелина Шанова |
||
| 944 |
_aED _c05.12.2016 _kВаля_Йорданова |
||
| 999 | _d188372 | ||